000 00712nam a2200205Ii 4500
003 JO-AjNU
008 230605s9999||||xx |||||||||||||| ||und||
017 _a2005/6/1395
040 _aJO-AjNU
_bara
_erda
_cJO-AjNU
041 _aara
050 1 4 _aAC106.A97.2005
100 3 _aأبو اصبع،صالح/اشراف ,
_eauthor
_933586
245 0 0 _aأوراق فيلادلفيا : بحوث محكمة
264 3 1 _aجرش:جامعة فيلادلفيا ،2005
300 _a149ص
336 _atext
_btxt
_2rdacontent
337 _aunmediated
_bn
_2rdamedia
338 _avolume
_bnc
_2rdacarrier
650 4 _aبحوث-دراسات-الادب العربي-التراث-الحضارة الاسلامية
_933587
999 _aA13686
_c17254
_d17254